Issaci Barrow, lectiones mathematicæ XXIII, in quibus principia matheseôs generalia exponuntur : habitæ Cantabrigiæ A.D. 1664, 1665, 1666, accesserunt ejusdem lectiones IV, in quibus theoremata & problemata Archimedis De sphærâ & cylindro, methodo analyticâ eruuntur.

Bibliographic Details
Main Author: Barrow, Isaac, 1630-1677
Format: eBook
Language:Latin
Published: Londini : Typis J. Playford, pro Georgio Wells ..., 1685.
Series:Early English books online.
Subjects:
Online Access:Connect to the full text of this electronic book

MARC

Tag First Indicator Second Indicator Subfields
LEADER 00000nam a2200000Ia 4500
001 in00004181621
005 20200810072132.0
006 m g d
007 cr bn |||a|bb|
008 850603s1685 enka o 00| | lat d
035 |a (OCoLC)12110401 
040 |a EAA  |c EAA  |d m/c  |d UMI  |d WaOLN 
037 |a CL0037000027  |b ProQuest Information and Learning. 300 N. Zeeb Rd., Ann Arbor, MI 48106 
049 |a UMIA 
100 1 |a Barrow, Isaac,  |d 1630-1677. 
245 1 0 |a Issaci Barrow, lectiones mathematicæ XXIII, in quibus principia matheseôs generalia exponuntur :  |b habitæ Cantabrigiæ A.D. 1664, 1665, 1666, accesserunt ejusdem lectiones IV, in quibus theoremata & problemata Archimedis De sphærâ & cylindro, methodo analyticâ eruuntur. 
260 |a Londini :  |b Typis J. Playford, pro Georgio Wells ...,  |c 1685. 
300 |a 1 online resource ([6], xxxvii, [1], 151 pages :  |b illustrations. 
336 |a text  |b txt  |2 rdacontent 
337 |a computer  |b c  |2 rdamedia 
338 |a online resource  |b cr  |2 rdacarrier 
500 |a Reproduction of original in the University of Illinois (Urbana-Champaign Campus). Library. 
510 4 |a Wing  |c B944 
533 |a Electronic reproduction.  |b Ann Arbor, Mich. :  |c UMI,  |d 1999-  |f (Early English books online)  |n Digital version of: (Early English books, 1641-1700 ; 856:25)  |7 s1999 miun s 
600 0 0 |a Archimedes.  |t De sphaera et cylindro. 
650 0 |a Mathematics  |x Philosophy. 
650 0 |a Geometry  |v Early works to 1800. 
740 0 |a Lectiones mathematicæ XXIII. 
830 0 |a Early English books online. 
856 4 0 |u http://proxy.library.tamu.edu/login?url=https://search.proquest.com/docview/2248538663  |z Connect to the full text of this electronic book  |t 0 
999 f f |s 76c50ab6-a6c8-3222-8428-4ab8231c952a  |i 92e40c9a-0aa0-3266-828d-9225dc45e0c6  |t 0 
952 f f |a Texas A&M University  |b College Station  |c Electronic Resources  |d Available Online  |t 0  |h No information provided 
998 f f |t 0  |l Available Online